Vedecké state z výskumných projektov NHF 2016

Guardado en:
Detalles Bibliográficos
Autor Corporativo: Ekonomická univerzita v Bratislave. Národohospodárska fakulta
Otros Autores: Dziurová, Valéria, 1986-, Nemcová, Edita, Valach, Matej
Formato: Libro
Lenguaje:eslovaco
inglés
Publicado: Bratislava Vydavateľstvo EKONÓM 2016
Edición:1. vyd.
Materias:
Etiquetas: Agregar Etiqueta
Sin Etiquetas, Sea el primero en etiquetar este registro!

MARC

LEADER 00000nlm a2200000 4500
001 0226639
005 20240502073730.8
020 |a 978-80-225-4325-5 
041 0 |a slo 
041 0 |a eng 
044 |a SK 
245 1 0 |a Vedecké state z výskumných projektov NHF 2016  |c spracovala: Valéria Dziurová ; recenzenti: Edita Nemcová, Matej Valach 
250 |a 1. vyd. 
264 1 |a Bratislava  |b Vydavateľstvo EKONÓM  |c 2016 
300 |a CD-ROM [100 s., 5,29 AH] 
610 2 0 |a vzdelávanie 
610 2 0 |a konkurencieschopnosť 
610 2 0 |a samospráva 
610 2 0 |a výdavky na vedu a výskum 
610 2 0 |a vyučovanie 
610 2 0 |a rast hospodársky 
610 2 0 |a nerovnosť dôchodková 
610 2 0 |a financovanie 
610 2 0 |a podmienky životné 
610 2 0 |a rozvoj hospodársky 
610 2 0 |a rozvoj sociálny 
610 2 0 |a index lepšieho života 
700 1 |a Dziurová, Valéria, 1986- 
700 1 |a Nemcová, Edita 
700 1 |a Valach, Matej 
710 2 |a Ekonomická univerzita v Bratislave. Národohospodárska fakulta